Gaming Quiz

Random Gaming or Pokémon Quiz

Gen II Pokemon Quiz Stats

 Plays Quiz not verified by Sporcle

Support Sporcle.
Go Orange.
Score 0/100 Timer 11:00
0 Plays Today
Dex No. Pokemon % Correct
#152Chikorita
95.8%
#153Bayleef
95.8%
#154Meganium
95.8%
#155Cyndaquil
95.8%
#158Totodile
95.8%
#156Quilava
91.7%
#157Typhlosion
91.7%
#159Croconaw
91.7%
#160Feraligatr
91.7%
#161Sentret
91.7%
#162Furret
91.7%
#163Hoothoot
91.7%
#164Noctowl
91.7%
#165Ledyba
91.7%
#166Ledian
91.7%
#167Spinarak
91.7%
#168Ariados
91.7%
#239Elekid
91.7%
#169Crobat
87.5%
#172Pichu
87.5%
#173Cleffa
87.5%
#174Igglybuff
87.5%
#175Togepi
87.5%
#176Togetic
87.5%
#237Hitmontop
87.5%
#238Smoochum
87.5%
#240Magby
87.5%
#243Raikou
87.5%
#244Entei
87.5%
#245Suicune
87.5%
#246Larvitar
87.5%
#247Pupitar
87.5%
#248Tyranitar
87.5%
#249Lugia
87.5%
Dex No. Pokemon % Correct
#250Ho-Oh
87.5%
#251Celebi
87.5%
#179Mareep
83.3%
#180Flaaffy
83.3%
#181Ampharos
83.3%
#182Bellossom
83.3%
#186Politoed
83.3%
#187Hoppip
83.3%
#188Skiploom
83.3%
#189Jumpluff
83.3%
#194Wooper
83.3%
#195Quagsire
83.3%
#196Espeon
83.3%
#197Umbreon
83.3%
#200Misdreavus
83.3%
#208Steelix
83.3%
#225Delibird
83.3%
#236Tyrogue
83.3%
#199Slowking
79.2%
#212Scizor
79.2%
#214Heracross
79.2%
#227Skarmory
79.2%
#230Kingdra
79.2%
#241Miltank
79.2%
#177Natu
75%
#178Xatu
75%
#198Murkrow
75%
#201Unown
75%
#203Girafarig
75%
#204Pineco
75%
#205Forretress
75%
#206Dunsparce
75%
#213Shuckle
75%
#215Sneasel
75%
Dex No. Pokemon % Correct
#218Slugma
75%
#219Magcargo
75%
#220Swinub
75%
#221Piloswine
75%
#228Houndour
75%
#229Houndoom
75%
#231Phanpy
75%
#232Donphan
75%
#234Stantler
75%
#170Chinchou
70.8%
#171Lanturn
70.8%
#183Marill
70.8%
#184Azumarill
70.8%
#185Sudowoodo
70.8%
#191Sunkern
70.8%
#192Sunflora
70.8%
#207Gligar
70.8%
#209Snubbull
70.8%
#210Granbull
70.8%
#211Qwilfish
70.8%
#222Corsola
70.8%
#226Mantine
70.8%
#233Porygon2
70.8%
#235Smeargle
70.8%
#242Blissey
70.8%
#190Aipom
66.7%
#193Yanma
66.7%
#202Wobbuffet
66.7%
#216Teddiursa
66.7%
#217Ursaring
66.7%
#223Remoraid
66.7%
#224Octillery
66.7%

You're not logged in!

Compare scores with friends on all Sporcle quizzes.
OR
Log In

From the Vault

'A' First Names

by wiggytitch

Agamemnon Jolie...I loved her in Girl, Interrupted.
Remove Ads.
Support Sporcle.
Get the best of Sporcle when you Go Orange. This ad-free experience offers more features, more stats, and more fun while also helping to support Sporcle. Thank you for becoming a member.

Show Comments

Extras

Created Feb 12, 2018ReportNominate
Tags:Pokémon Quiz, Dex, gen

Top Quizzes Today


Score Distribution

Your Account Isn't Verified!

In order to create a playlist on Sporcle, you need to verify the email address you used during registration. Go to your Sporcle Settings to finish the process.

Report this User

Report this user for behavior that violates our Community Guidelines.

Details: